| 000 | 02079nam0a22003851 4500 | ||
|---|---|---|---|
| 001 | rc\3911803 | ||
| 005 | 20250611020637.0 | ||
| 021 |
_aRU _b[47-18437] |
||
| 035 | _a(NLR Aleph) 008019778 | ||
| 090 |
_a8753310 _c8753310 |
||
| 100 | _a20130415d1947 |||y0rusy50 ca | ||
| 101 | 1 |
_arus _cdar |
|
| 102 | _aRU | ||
| 105 | _ay z ||||| | ||
| 200 | 1 |
_a[Песни] _fПер. Эффенди Капиева _gВступ. статья ["Батырай. (Жизнь и творчество)", с. 5-16] и прим. Наталии Капиевой |
|
| 210 |
_aМахачкала _cДаггиз _d1947 _gТип. им. Кирова |
||
| 215 |
_a111 с., включ. 1 с. обл. _d17 |
||
| 225 | 1 |
_aАкадемия наук СССР. Дагестанская научно-исследовательская база. Материалы Института истории, языка и литературы народов Дагестана _i[Филология _vВып. 1] _iКлассики литературы народов Дагестана _i[Даргинская литература] |
|
| 300 | _aНа тит. л. авт.: Батырай | ||
| 327 | 0 | _aРазделы: О герое; О любви; О себе | |
| 464 | 0 |
_12001#$aО герое$aО любви$aО себе _tО себе |
|
| 606 |
_aДаргинская литература _2psbo |
||
| 606 |
_aЛюбовь (х. л.) _2psbo |
||
| 606 |
_aГероизм даргинского народа (х. л.) _2psbo |
||
| 606 |
_aПоэты даргинские _2psbo |
||
| 608 |
_aДаргинский эпос (х. л.) _2psbo |
||
| 700 | 1 |
_aБатырай _bО. оглы _fок. 1831 - ок. 1910 _gОмар оглы |
|
| 702 | 1 |
_4080 _4212 _aКапиева _bН. В. _f1909-2003 _gНаталья Владимировна _9142356 _3RU\NLR\AUTH\770142392 |
|
| 702 | 1 |
_4730 _aКапиев _bЭ. М. _f1909-1944 _gЭффенди Мансурович _9142383 _3RU\NLR\AUTH\770142419 |
|
| 801 | 0 |
_aRU _bNLR _gpsbo |
|
| 801 | 1 |
_aRU _bELAR _2rusmarc |
|
| 852 |
_aNLR _jП1/48 |
||
| 942 | _cBOOK | ||
| 980 | _aNB | ||